Documentation of indigenous technical knowledge in coastal farming system of Tamil Nadu (Record no. 12851)

MARC details
000 -LEADER
fixed length control field 00608nam a2200181Ia 4500
082 ## - DEWEY DECIMAL CLASSIFICATION NUMBER
Classification number TR.0351
100 ## - MAIN ENTRY--AUTHOR NAME
Personal name Raj Pravin, T.
245 #0 - TITLE STATEMENT
Title Documentation of indigenous technical knowledge in coastal farming system of Tamil Nadu
260 ## - PUBLICATION, DISTRIBUTION, ETC. (IMPRINT)
Year of publication 2004
Name of publisher Tamil Nadu Agricultural University, Coimbatore
300 ## - PHYSICAL DESCRIPTION
Number of Pages 205
504 ## - BIBLIOGRAPHY, ETC. NOTE
Bibliography, etc includes appendices and bibilography
650 ## - SUBJECT ADDED ENTRY--TOPICAL TERM
Topical Term Agriculture
Form subdivision Technology transfer
-- Tamil Nadu
650 ## - SUBJECT ADDED ENTRY--TOPICAL TERM
Topical Term Farmers
Form subdivision Tamil Nadu
650 ## - SUBJECT ADDED ENTRY--TOPICAL TERM
Topical Term Agricultural innovations
Form subdivision Tamil Nadu
650 ## - SUBJECT ADDED ENTRY--TOPICAL TERM
Topical Term Technological change in agriculture
710 ## - ADDED ENTRY--CORPORATE NAME
Corporate name or jurisdiction name as entry element Philip, H
942 ## - ADDED ENTRY ELEMENTS (KOHA)
Koha item type Thesis
Source of classification or shelving scheme Dewey Decimal Classification
Holdings
Withdrawn status Lost status Damaged status Not for loan Home library Current library Date acquired Source of acquisition Bill Date Full call number Accession Number Price effective from Koha item type
        NASSDOC Library NASSDOC Library 10/10/2005 Gifted by : Fellowship Division, ICSSR 2005-09-27 TR.0351 41028 18/04/2019 Thesis